Statistics for Sweden by Picture

Click here to take the quiz!

General Stats

  • This quiz has been taken 80 times
  • The average score is 14 of 18

Answer Stats

Answer% Correct
ABBA
100%
Volvo
93%
Gothenburg
91%
Swedish Meatballs
90%
Zlatan Ibrahimovic
87%
Pippi Longstocking
86%
Alfred Nobel
84%
Gotland
81%
Midsummer
80%
Öresund Bridge
77%
Scandinavia
74%
Sami
74%
Saint Lucia
71%
Vasa Museum
71%
Vänern
70%
Uppsala
63%
Ingrid Bergman
63%
Dolph Lundgren
57%

Score Distribution

Percentile by Number Answered

Percent of People with Each Score

Your Score History

You have not taken this quiz